Places To Study
There are group study rooms, individual study carrels, computer labs, and other spaces to study in the Libraries.
Reserve A Group Room| 000 -LEADER | |
|---|---|
| fixed length control field | 00880nam a22001697a 4500 |
| 003 - CONTROL NUMBER IDENTIFIER | |
| control field | OSt |
| 005 - DATE AND TIME OF LATEST TRANSACTION | |
| control field | 20251213133608.0 |
| 008 - FIXED-LENGTH DATA ELEMENTS--GENERAL INFORMATION | |
| fixed length control field | 251213b |||||||| |||| 00| 0 eng d |
| 040 ## - CATALOGING SOURCE | |
| Transcribing agency | DCL |
| 082 ## - DEWEY DECIMAL CLASSIFICATION NUMBER | |
| Classification number | ၂၉၄.၃၈၂၄ |
| 130 ## - MAIN ENTRY--UNIFORM TITLE | |
| Uniform title | တိပိဋက။ |
| Name of part/section of a work | သုတ္တန္တပိဋက၊ |
| Number of part/section of a work | အဘိဓမ္မာဘိဋက၊ |
| Title of a work | ဝိသုဒ္ဓိမဂ္ဂ၊ |
| Version | အဋ္ဌကထာ။ |
| 245 10 - TITLE STATEMENT | |
| Title | ဝိသုဒ္ဓိမဂ္ဂေါ ဋ္ဌကထာ၊ |
| Number of part/section of a work | ဒုတိယတွဲ။ |
| 264 ## - PRODUCTION, PUBLICATION, DISTRIBUTION, MANUFACTURE, AND COPYRIGHT NOTICE | |
| Place of production, publication, distribution, manufacture | ရန်ကုန် ၊ |
| Name of producer, publisher, distributor, manufacturer | နိုင်ငံတော်ဗုဒ္ဓသာသနာအဖွဲ့၊ |
| Date of production, publication, distribution, manufacture, or copyright notice | ၁၉၅၇။ |
| 300 ## - PHYSICAL DESCRIPTION | |
| Extent | ဃ၊ ၃၈၉ စာမျက်နှာ ၊ |
| Dimensions | ၂၆ စင်တီ။ |
| 650 ## - SUBJECT ADDED ENTRY--TOPICAL TERM | |
| Topical term or geographic name entry element | ဝိသုဒ္ဓိမဂ် |
| Form subdivision | အဋ္ဌကထာ။ |
| 942 ## - ADDED ENTRY ELEMENTS (KOHA) | |
| Source of classification or shelving scheme | Dewey Decimal Classification |
| Koha item type | Short Term |
| Suppress in OPAC | No |
| Withdrawn status | Lost status | Source of classification or shelving scheme | Damaged status | Not for loan | Collection | Accession No. | Home library | Current library | Shelving location | Date acquired | Total checkouts | Full call number | Barcode | Date last seen | Price effective from | Koha item type |
|---|---|---|---|---|---|---|---|---|---|---|---|---|---|---|---|---|
| Dewey Decimal Classification | Myanmar Pitaka Collection | ၂၇၆၉ | Dhammadhara | Dhammadhara | Myanmar Pitaka Shelves | 13/12/2025 | ၂၉၄.၃၈၂၄ အဘိ ၂၇၆၉ | MB00002769 | 13/12/2025 | 13/12/2025 | Short Term |